Hedda Gabler / de Henrik Ibsen ; traducció de Feliu Formosa
Descripción Física:
119 p. ; 18 cm
Colección:
Biblioteca teatral ; 35
Otros Autores:
Formosa, Feliu, 1934-
MARC
| LEADER | 00000nam a2200000Ia 4500 | ||
|---|---|---|---|
| 001 | 2117 | ||
| 008 | 160829s1985 xx 000 0 cat d | ||
| 080 | |a L-1-223 | ||
| 100 | |a Ibsen, Henrik, |d 1828-1906 |9 35381 | ||
| 245 | |a Hedda Gabler / de Henrik Ibsen ; traducció de Feliu Formosa | ||
| 260 | |a Barcelona : |b Institut del Teatre de la Diputació de Barcelona : |b Edicions del Mall, |c 1985 | ||
| 300 | |a 119 p. ; |c 18 cm | ||
| 490 | |a Biblioteca teatral ; 35 | ||
| 700 | |a Formosa, Feliu, |d 1934- |e traductor |9 34955 | ||
| 710 | 1 | |a Institut del Teatre (Barcelona, Catalunya) |9 52662 | |
| 901 | |a Arxiu | ||
| 942 | |n 1 |2 udc | ||
| 952 | |0 0 |1 0 |4 0 |6 L1223 |7 1 |9 46986 |a Arxiu |b Arxiu |d 2016-12-01 |l 0 |o L-1-223 |p 2117 |r 2016-12-01 00:00:00 |w 2016-12-01 |y ARXIU | ||
| 999 | |c 50779 |d 50779 | ||